Vplyv zmeny nepriamej dane na trhovú rovnováhu
Salvato in:
| Autore principale: | |
|---|---|
| Natura: | Capitolo di libro |
| Lingua: | slovacco |
| Soggetti: | |
| Tags: |
Nessun Tag, puoi essere il primo ad aggiungerne!!
|
MARC
| LEADER | 00000nla a2200000 4500 | ||
|---|---|---|---|
| 001 | 0156951 | ||
| 005 | 20240603075924.5 | ||
| 041 | 0 | |a slo | |
| 044 | |a SK | ||
| 245 | 1 | 0 | |a Vplyv zmeny nepriamej dane na trhovú rovnováhu |c Nora Grisáková |
| 500 | |a Abstrakt | ||
| 610 | 2 | 0 | |a dane |
| 610 | 2 | 0 | |a dane nepriame |
| 610 | 2 | 0 | |a politika daňová |
| 610 | 2 | 0 | |a sadzby daňové |
| 610 | 2 | 0 | |a zaťaženie daňové |
| 610 | 2 | 0 | |a odvody do rozpočtu štátneho |
| 100 | 1 | |a Grisáková, Nora, 1978- | |